01497 2200229 4500001002100000005001500021035002000036001002100056005001500077035002000092245005600112100001600168250001700184300002900201260004600230082000800276084001500284020002200299650001900321520091500340600001201255INLIS00000000000087620250120095449 a0010-0125000049INLIS00000000000014620240509084802 a0010-05240000681 aMasya Allah Asiknya Sains :bMakanan /cAisha Shafa0 aAisha Shafa acetakan ke-1 a116 hlm :bIlus ;c27 cm aJakarta :bPustaka Al-kautsar Grup,c2020 a641 a641 AIS m a978-602-169-484-8 4aNabi dan Rasul aTahukah Kamu? Mengapa buah apel, pear dan pisang menjadi kecoklatan setelah dikupas? Apakah gas etilen itu, dan apa pengaruhnya terhadap buah-buahan? Kulit jeruk dapat meletuskan balon. Kok bisa, ya? Wah, bagaimana caranya? Apa yang terjadi jika susu ditetesi air jeruk? Mengapa bisa begitu? Bisakah air dibekukan tanpa dimasukkan ke dalam freezer? Bagaimana caranya? Apa yang terjadi jika cola dimasukkan ke dalam susu? Mengapa, ya, bisa begitu? Masih banyak lagi pertanyaan-pertanyaan seru yang dapat kamu temukan dalam buku ini. Untuk menjawab pertanyaan-pertanyaan itu, ada rangkaian percobaan di dalam buku ini yang harus kamu lakukan. Tidak hanya beragam percobaan yang bisa kamu lakukan, tetapi kamu juga akan mengungkap fakta-fakta sains yang mencengangkan. Penasaran? Yuk, kita lakukan percobaannya dan ungkap fakta-fakta menakjubkan itu. Selamat bereksperimen, Sobat Cilik! 4amakanan